Variación y herencia en los animales domésticos y las plantas cultivadas / José F. Nonídez
Descripción Física:
204 p. : il. ; 20 cm
Colección:
Biblioteca agrícola española
MARC
| LEADER | 00000nam a2200000Ia 4500 | ||
|---|---|---|---|
| 001 | 14465 | ||
| 008 | 160829s9999 xx 000 0 cat d | ||
| 080 | |a C-2-271 | ||
| 100 | |a Nonídez, José F. |9 20249 | ||
| 245 | |a Variación y herencia en los animales domésticos y las plantas cultivadas / José F. Nonídez | ||
| 260 | |a Madrid : |b Calpe, cop. 1923 | ||
| 300 | |a 204 p. : |b il. ; |c 20 cm | ||
| 490 | |a Biblioteca agrícola española | ||
| 590 | |a Índex | ||
| 650 | |a Genètica vegetal |9 20250 | ||
| 650 | |a Animals |x Genètica |9 20251 | ||
| 650 | |a Variació (Biologia) |9 20252 | ||
| 901 | |a Arxiu | ||
| 942 | |n 1 | ||
| 952 | |0 0 |1 0 |4 0 |6 C2271 |7 1 |9 41507 |a Arxiu |b Arxiu |d 2016-12-01 |l 0 |o C-2-271 |p 14465 |r 2016-12-01 00:00:00 |w 2016-12-01 |y ARXIU | ||
| 999 | |c 43315 |d 43315 | ||